000 00530nam a2200205Ia 4500
003 GCL
008 140319s9999 xx 000 0 eng d
040 _aGCL /
_cGCL
082 0 4 _a628.21
_bF I
100 1 _aFIELD, RICHARD
245 1 0 _aINTEGRATED STORM WATER MANAGEMENT /
_cFIELD, RICHARD
700 1 _aOSHEA, MARIE L.
700 1 _aCHIN, KEE KEAN
260 _a[S.N] :
_bLEWIS PUBLISHRS
300 _a383 P
650 0 4 _aSTORM SEWERS
650 0 4 _aWATER QUALITY MANAGEMENT
650 0 4 _aURBAN RUNOFF
942 _2ddc
_cBK
999 _c23578
_d23578